<?xml version="1.0" encoding="UTF-8"?><?xml-stylesheet type="text/xsl" href="static/style.xsl"?><OAI-PMH xmlns="http://www.openarchives.org/OAI/2.0/" xmlns:xsi="http://www.w3.org/2001/XMLSchema-instance" xsi:schemaLocation="http://www.openarchives.org/OAI/2.0/ http://www.openarchives.org/OAI/2.0/OAI-PMH.xsd"><responseDate>2026-06-05T14:46:15Z</responseDate><request verb="GetRecord" identifier="oai:riuma.uma.es:10630/34663" metadataPrefix="marc">https://riuma.uma.es/rest/oai/request</request><GetRecord><record><header><identifier>oai:riuma.uma.es:10630/34663</identifier><datestamp>2026-02-03T11:45:27Z</datestamp><setSpec>com_10630_2254</setSpec><setSpec>col_10630_37956</setSpec></header><metadata><record xmlns="http://www.loc.gov/MARC21/slim" xmlns:dcterms="http://purl.org/dc/terms/" xmlns:doc="http://www.lyncode.com/xoai" xmlns:xsi="http://www.w3.org/2001/XMLSchema-instance" xsi:schemaLocation="http://www.loc.gov/MARC21/slim http://www.loc.gov/standards/marcxml/schema/MARC21slim.xsd">
   <leader>00925njm 22002777a 4500</leader>
   <datafield ind2=" " ind1=" " tag="042">
      <subfield code="a">dc</subfield>
   </datafield>
   <datafield ind2=" " ind1=" " tag="720">
      <subfield code="a">Farinós Dasí, Joaquín</subfield>
      <subfield code="e">author</subfield>
   </datafield>
   <datafield ind2=" " ind1=" " tag="720">
      <subfield code="a">Serrano Rodríguez, Antonio</subfield>
      <subfield code="e">author</subfield>
   </datafield>
   <datafield ind2=" " ind1=" " tag="720">
      <subfield code="a">Latasa Zaballos, Itxaro</subfield>
      <subfield code="e">author</subfield>
   </datafield>
   <datafield ind2=" " ind1=" " tag="720">
      <subfield code="a">Prada Llorente, Esther Isabel</subfield>
      <subfield code="e">author</subfield>
   </datafield>
   <datafield ind2=" " ind1=" " tag="720">
      <subfield code="a">Rando-Burgos, Esther</subfield>
      <subfield code="e">author</subfield>
   </datafield>
   <datafield ind2=" " ind1=" " tag="260">
      <subfield code="c">2022</subfield>
   </datafield>
   <datafield ind2=" " ind1=" " tag="520">
      <subfield code="a">Las conclusiones del x ciot que se recogen a continuación se enlazan con las de ediciones anteriores, lo que nos permite comprobar hasta qué punto las dinámicas de los años&#xd;
transcurridos entre congresos confirman y dan continuidad, matizan, alteran o modifican las principales cuestiones y argumentos asociados a los procesos de transformación&#xd;
territorial, en España y en los países iberoamericanos. También resulta útil para poder&#xd;
comprobar cómo evoluciona el papel de las políticas, de los instrumentos y de las administraciones en la planificación, implementación, gestión, seguimiento y control de esos&#xd;
procesos de transformación territorial; y cuál es su nivel de adecuación a los objetivos de&#xd;
transición ecológica, energética y económica y, en último extremo, de bienestar social y&#xd;
equilibrio territorial. Todo ello en un mundo en cambio que cada vez es más acelerado,&#xd;
como consecuencia de los efectos de la pandemia de la covid-19 y, más recientemente,&#xd;
de la guerra en Ucrania tras la invasión militar de Rusia y sus efectos geopolíticos sobre&#xd;
la economía y el comercio internacional. Esto ha supuesto poner en jaque, primero, el&#xd;
actual modelo de desarrollo, que se quiere más sostenible, descarbonizado, desmaterializado y respetuoso con el medio ambiente; para poco después volver a situarnos en la&#xd;
esfera prioritaria de los efectos económicos (business as usual), con el riesgo de reducir&#xd;
la transición y la sostenibilidad a términos de producción, precios y consumo, en lugar&#xd;
de preferentemente sociales, territoriales-ambientales e institucionales, mediante nuevas&#xd;
formas de gobernanza y de democracia.</subfield>
   </datafield>
   <datafield ind1="8" ind2=" " tag="024">
      <subfield code="a">En:  El papel del territorio y de la políticas territoriales en la estrategia de recuperación, transformación y resiliencia. Universitat de València</subfield>
   </datafield>
   <datafield ind1="8" ind2=" " tag="024">
      <subfield code="a">https://hdl.handle.net/10630/34663</subfield>
   </datafield>
   <datafield ind1="8" ind2=" " tag="024">
      <subfield code="a">10.7203/PUV-OA-478-1</subfield>
   </datafield>
   <datafield tag="653" ind2=" " ind1=" ">
      <subfield code="a">Ordenación del territorio</subfield>
   </datafield>
   <datafield ind2="0" ind1="0" tag="245">
      <subfield code="a">Conclusiones del X CIOT.</subfield>
   </datafield>
</record>
</metadata></record></GetRecord></OAI-PMH>